[Slávnosť 125. výročia úmrtia Pavla Jozefa Šafárika v Košiciach]

Zobrazenie: Vedecká konferencia P. J. Šafárik a slovenské národné obrodenie konaná pri príležitosti 125. výročia jeho úmrtia v Košiciach, 22.-24.10.1986. Na obr.: Cyril Kraus počas prejavu.

Bibliographic Details
Other Authors: Lašut, Filip, 1945-2012 (Photographer)
Format: Photo
Language:Slovak
PhysicalDescription:1 fotografia čb 18 x 12 cm
Published: [S.l. s.n.] 1986
Subjects:

MARC

LEADER 00000nkmaa2200000 a 4500
001 vtls011734186
003 SK-MaSNL
005 20260331211149.0
007 kh bo
008 230802e1986 xo | ||00 k|slo
035 |a 2FB13469-FEF0-4FFF-B97B-8259493B14F2 
035 |a urn:nbn:sk:snk-km43iiy 
035 |a urn:nbn:sk:snk-km00e5o5 
040 |a SNKLA  |b slo  |c SNKLA  |e AACR2 
041 0 |a slo 
044 |a xo  |c SK 
100 1 |a Lašut, Filip,  |d 1945-2012  |4 pht  |9 151668 
245 1 0 |a [Slávnosť 125. výročia úmrtia Pavla Jozefa Šafárika v Košiciach]  |h grafika 
260 |a [S.l.  |b s.n.]  |c 1986 
300 |a 1 fotografia  |b čb  |c 18 x 12 cm 
520 2 |a Zobrazenie: Vedecká konferencia P. J. Šafárik a slovenské národné obrodenie konaná pri príležitosti 125. výročia jeho úmrtia v Košiciach, 22.-24.10.1986. Na obr.: Cyril Kraus počas prejavu. 
600 1 7 |a Šafárik, Pavol Jozef,  |d 1795-1861  |2 SNKMA  |9 85839 
600 1 7 |a Kraus, Cyril,  |d 1928-2012  |2 SNKMA  |9 14532 
611 2 7 |a slávnosť 125. výročia úmrtia Pavla Jozefa Šafárika  |d 1986  |c Košice, Slovensko  |9 303475 
650 0 7 |a konferencie  |2 SNKPH  |9 19221 
651 7 |a Košice (Slovensko)  |2 SNKPH  |9 18694 
655 7 |a fotografie  |2 SNKPH  |9 70713 
852 7 |a Slovenská národná knižnica  |b Literárny archív 
958 |a ZO 
958 |a BLA 
999 |c 595813  |d 597743 
952 |a SNKLA  |b SNKLA  |c SNKLA_DEP  |y NEVYP  |7 0  |p 17A1226413  |o snkK 17/156  |i snkLA 1274/1993  |0 0  |1 0  |4 0  |d 2018-01-03  |f 1  |l 0  |r 2026-02-23 15:38:18  |w 2026-02-23